<?xml version="1.0" encoding="UTF-8"?>
<marc:record xmlns:marc="http://www.loc.gov/MARC21/slim">
   <marc:leader>00000nam a2200000 a 4500</marc:leader>
   <marc:datafield ind1="1" ind2=" " tag="100">
      <marc:subfield code="a">Schwartz, Theo</marc:subfield>
      <marc:subfield code="4">aut</marc:subfield>
      <marc:subfield code="e">Verfasser/-in</marc:subfield>
   </marc:datafield>
   <marc:datafield ind1=" " ind2=" " tag="653">
      <marc:subfield code="a">ab 8</marc:subfield>
   </marc:datafield>
   <marc:datafield ind1=" " ind2=" " tag="653">
      <marc:subfield code="a">Pferdegeschichten</marc:subfield>
   </marc:datafield>
   <marc:datafield ind1="0" ind2="0" tag="245">
      <marc:subfield code="a">Der Liebesbrief</marc:subfield>
   </marc:datafield>
   <marc:datafield ind1=" " ind2="1" tag="264">
      <marc:subfield code="b">F. Schneider</marc:subfield>
      <marc:subfield code="c">1995</marc:subfield>
   </marc:datafield>
   <marc:datafield ind1="1" ind2=" " tag="490">
      <marc:subfield code="a">Bibi und Tina</marc:subfield>
   </marc:datafield>
   <marc:datafield ind1="1" ind2=" " tag="520">
      <marc:subfield code="a">Wer ist der geheimnisvolle Joschi, der Tina Martin einen Liebesbrief geschrieben und um eine Haarlocke gebetet hat? Tinas Freund Alexander ist furchtbar sauer und fordert Joschi zum Duell heraus. Doch statt des kleinen Joschi tritt Tina als der "Rote Ritter" an  und kämpft gegen den "Schwarzen Ritter" Alex. Aber Joschi lässt nicht locker und gerät in großer Gefahr. Jetzt wird es höchste Zeit für die kleine Hexe Bibi Blocksberg.</marc:subfield>
   </marc:datafield>
   <marc:datafield ind1=" " ind2=" " tag="020">
      <marc:subfield code="a">9783505101311</marc:subfield>
      <marc:subfield code="9">9783505101311</marc:subfield>
   </marc:datafield>
</marc:record>
